000 01549nam a22003977a 4500
003 CHAP
005 20220329143224.0
008 070420d2006 mx r 00110 spa d
010 _a93521
011 _a94493
035 _a105084
040 _cCHAP
090 _aTesis
100 1 _aVázquez Sánchez, Silvio.
_9120525
245 1 0 _aEvaluación de dos genotipos de tomate de cáscara (Physalis ixocarpa, Brot.), en tres sistemas de producción en Atotonilco, Morelos
_c/por Silvio Vázquez Sánchez
260 _aCocula, Gro. :
_bEl autor,
_c2006.
300 _a82 h. :
_bilus.; Gráfs.; cuadros,
502 _aTesis (Ing. Agr. Fitotecnista) - - Colegio Superior Agropecuario del Estado de Guerrero. Centro de Estudios Profesionales
590 _aALEPH
_b10
_c20130110
_lUCH01
_h1518
590 _aBATCH-UPD
_b10
_c20130110
_lUCH01
_h0250
590 _aBATCH-UPD
_b10
_c20130110
_lUCH01
_h1304
590 _aBATCH-UPD
_b10
_c20130409
_lUCH01
_h2321
590 _aBATCH-UPD
_b10
_c20130410
_lUCH01
_h1317
590 _aBATCH-UPD
_b10
_c20130914
_lUCH01
_h2026
590 _aCONVERSION
_b10
_c20130109
_lUCH01
_h1352
650 1 4 _aSistemas de producción.
_9106767
650 1 4 _aTomate verde
_xCostos de producción.
_9113803
650 1 4 _aTomate verde
_xGenética.
_9113816
650 1 4 _aTomate verde
_xPlántulas.
_9113828
650 1 4 _aTomate verde
_xRendimiento.
_9113834
650 1 4 _aTomate verde
_zMorelos.
_9113847
901 _aBK
905 _aElisama A. H.
942 _cTESIS
949 _aTesis
_bBC
_cTES
_d33724002025512
_eTS1
_h46453
_i105084
_si
999 _c93521
_d93521